00945nam a2200229 i 4500001000700000003000700007005001700014008004100031080002100072245011800093260003400211300002900245490004300274504003600317650002100353700003200374700003500406830005100441852008100492999001900573952012300592186566SpMaBN20230906222709.0161128s1964 fr |||| | fre d a17(37/38)(082.2)04aLes stoïciens / ctextes traduits par Émile Bréiher ; édités sous la direction de Pierre-Maxime Schuhl. a[Paris : bGallimard, c1964] aLXVI, 1438 p. ; c18 cm.1 aBibliothèque de la Pléiade ; v156 aBibliografía: p. [1395]-1402.07aEstoicos.9125561 aBréhier, Émile.91485861 aSchuhl, Pierre-Maxime.91047510 aBibliothèque de la Pléiade ; v1569180233 aES-MaACLjL-30922 z- enc. cart. z. - Biblioteca Jacinto Martínez Lacalle c186566d186566 00104070aATENEOMbATENEOMcDEPO2d2016-11-28eDONl0oL-30922p1196735r2023-02-23 00:00:00w2023-02-23yMONOGRAFIA